Never be late again: (Record no. 58189)
[ view plain ]
| 000 -LEADER | |
|---|---|
| fixed length control field | 00878nam a22002177a 4500 |
| 005 - DATE AND TIME OF LATEST TRANSACTION | |
| control field | 20111108104635.0 |
| 010 ## - LCCN (DPL NO) | |
| LC control number | G-001601 |
| 020 ## - INTERNATIONAL STANDARD BOOK NUMBER | |
| Terms of availability | 195.00 |
| International Standard Book Number | 9788189107703 |
| 035 1d - SYSTEM CONTROL NUMBER | |
| System control number | G-001601 |
| 037 ## - SOURCE OF ACQUISITION | |
| Source of stock number/acquisition | Gift |
| 082 ## - DEWEY DECIMAL CLASSIFICATION NUMBER | |
| Classification number | 640.33 |
| 100 ## - MAIN ENTRY--PERSONAL NAME | |
| Personal name | Delonzor, Diana |
| 245 ## - TITLE STATEMENT | |
| Title | Never be late again: |
| Statement of responsibility, etc | by Diana Delonzor |
| Remainder of title | 7 cures for the punctually challenged / |
| 260 ## - PUBLICATION, DISTRIBUTION, ETC. (IMPRINT) | |
| Place of publication, distribution, etc | Bhopal |
| Name of publisher, distributor, etc | Indra Publishing Hosue |
| Date of publication, distribution, etc | 2009 |
| 270 ## - ADDRESS | |
| Address | E-5/21, Arera Colony, Habibganj Police Station Road, |
| City | Bhopal |
| Postal code | 462016 |
| 300 ## - PHYSICAL DESCRIPTION | |
| Extent | xiii, 177p. |
| Dimensions | 25cm(pbk) |
| 500 ## - GENERAL NOTE | |
| General note | Includes bibliographical referencess and index |
| 942 ## - ADDED ENTRY ELEMENTS (KOHA) | |
| Source of classification or shelving scheme | Dewey Decimal Classification |
| Item type | English Books |
| Call number suffix | DEL |
| Classification part | 640.33 |
| Withdrawn status | Lost status | Not for loan | Collection code | Home library | Current library | Date acquired | Source of acquisition | Cost, normal purchase price | Full call number | Barcode | Copy number | Cost, replacement price | Koha item type |
|---|---|---|---|---|---|---|---|---|---|---|---|---|---|
| Non-fiction | Janak Puri | Janak Puri | 08/11/2011 | gift | 195.00 | 640.33 DEL | G-001601 | 1 | 195.00 | English Books |
